| 000 | 02411nam a2200349 4500 | ||
|---|---|---|---|
| 005 | 20210723144323.0 | ||
| 008 | 160523k19982007enk |||fr|||| 001 0 mul d | ||
| 020 | _a9780674995673 | ||
| 020 | _a9780674995376 | ||
| 020 | _a9780674995871 | ||
| 020 | _a9780674995963 | ||
| 020 | _a9780674996151 | ||
| 040 |
_aCO-BoUCM _bspa _cSandra Yazo _dSandra Yazo |
||
| 041 | 1 |
_agre _aeng |
|
| 082 | 0 | 4 |
_220 _a882 |
| 092 | _aE62N018 | ||
| 100 | 1 |
_aAristófanes _93 _d445-386 a. C. |
|
| 242 | 0 | 0 |
_aAristófanes _cEditado y traducido por Jeffrey Henderson _yspa |
| 245 | 1 | 0 |
_aAristophanes _cEdited and translated by Jeffrey Henderson |
| 260 |
_aLondon (Inglaterra) _bHarvard University Press [Imprenta de la Universidad de Harvard] _c1998-2007 |
||
| 300 |
_a5 volúmenes (viii, 408 ; 606 ; vi, 618 ; 601 ; viii, 559 páginas) _c16 x 11 cm. |
||
| 490 | 0 |
_aLoeb classical Library _v178 ; 488 ; 179 ; 180 ; 502 |
|
| 500 | _aDetalles físicos: Encuadernación rígida. Cartón duro forrado en tela. Lomo con adornos en dorado. En la tapa delantera anagrama en dorado. Cubierta de papel verde con solapa, que incluye datos de autor y de la obra. Guardas. Hoja de cortesía. Anteportada. Portada impresa en una sola tinta; información sobre la obra dentro de un recuadro. Pequeño grabado con el emblema de la Colección (Palas Athenea); en el círculo, la inscripción “Loeb Classical Library”. Texto muy bien impreso en una sola columna: el texto griego, con párrafos numerados, ocupa la página derecha; la traducción inglesa correspondiente a la página de la izquierda. Notas de pie de página. Incluye índice. Hojas de cortesía posteriores y guardas | ||
| 505 | 0 | _aV.1: Introducción ; Bibliografía escogida ; Los acarnienses ; Los caballeros ;; Índice -- V.2: Las nubes ; Las avispas ; La paz ; Índice -- V.3: Las aves ; Lisístrata ; Las tesmoforias ; Índice -- V.4: Las ranas ; Las asambleístas ; Pluto ; Índice -- V.5: Prefacio ; Testimonios sobre Aristófanes ; Fragmentos que se le atribuyen ; Fragmentos que no son de Aristófanes ; Fragmentos que se le atribuyen dudosamente ; Índice | |
| 506 | _aConsulta en sala | ||
| 546 | _aTexto en griego e inglés | ||
| 650 | 7 |
_aLiteratura clásica _918628 |
|
| 650 | 7 |
_aTeatro griego _925065 |
|
| 690 |
_aLiteratura griega _976 |
||
| 700 | 1 | 0 |
_aHenderson, Jeffrey _c1946- _etraductor _9102053 |
| 942 |
_2LOCAL _cLIBRO _e1 _hE62N018 |
||
| 999 |
_c317868 _d317868 |
||